Reported cases of the African Court on Human and Peoples' Rights (2016) / 1 RCACtHPR Part 6 (Record no. 5318)

MARC details
000 -LEADER
fixed length control field 01833cam a2200433Ii 4500
001 - CONTROL NUMBER
control field on1089292495
003 - CONTROL NUMBER IDENTIFIER
control field OCoLC
005 - DATE AND TIME OF LATEST TRANSACTION
control field 20200226131209.0
008 - FIXED-LENGTH DATA ELEMENTS--GENERAL INFORMATION
fixed length control field 190306t20172017xx w 001 0 eng d
020 ## - INTERNATIONAL STANDARD BOOK NUMBER
International Standard Book Number 9781521344194
020 ## - INTERNATIONAL STANDARD BOOK NUMBER
International Standard Book Number 1521344191
035 ## - SYSTEM CONTROL NUMBER
System control number (OCoLC)1089292495
040 ## - CATALOGING SOURCE
Original cataloging agency EWF
Language of cataloging eng
Description conventions rda
Transcribing agency EWF
Modifying agency OCLCO
-- OCLCF
043 ## - GEOGRAPHIC AREA CODE
Geographic area code f------
049 ## - LOCAL HOLDINGS (OCLC)
Holding library TZAA
050 #4 - LIBRARY OF CONGRESS CALL NUMBER
Classification number KQE740
Item number .R47 2017
245 00 - TITLE STATEMENT
Title Reported cases of the African Court on Human and Peoples' Rights (2016) / 1 RCACtHPR Part 6
Statement of responsibility, etc Nonso Robert Attoh (editor)
260 ## - PUBLICATION, DISTRIBUTION, ETC. (IMPRINT)
Place of publication, distribution, etc [Place of publication not identified] :
Name of publisher, distributor, etc [Nonso Robert Attoh],
Date of publication, distribution, etc 2017.
300 ## - PHYSICAL DESCRIPTION
Extent xlix, 265 pages ;
Dimensions 23 cm
490 1# - SERIES STATEMENT
Series statement RCAfCHPR ;
Volume number/sequential designation 1 (Part 6)
500 ## - GENERAL NOTE
General note Publication data from Amazon.com.
505 0# - FORMATTED CONTENTS NOTE
Formatted contents note Subject matter index -- Index of international instruments referred to by the Court -- Index of international case law referred to by the Court -- Reported cases.
520 ## - SUMMARY, ETC.
Summary, etc "A law report containing finalized decisions of the African Court on Human and Peoples' Rights"--Editorial note.
610 20 - SUBJECT ADDED ENTRY--CORPORATE NAME
Corporate name or jurisdiction name as entry element African Court on Human and Peoples' Rights
Form subdivision Cases.
610 27 - SUBJECT ADDED ENTRY--CORPORATE NAME
Corporate name or jurisdiction name as entry element African Court on Human and Peoples' Rights.
Source of heading or term fast
650 #0 - SUBJECT ADDED ENTRY--TOPICAL TERM
Topical term or geographic name as entry element Law reports, digests, etc
Geographic subdivision Africa.
650 #0 - SUBJECT ADDED ENTRY--TOPICAL TERM
Topical term or geographic name as entry element Human rights
Geographic subdivision Africa.
650 #0 - SUBJECT ADDED ENTRY--TOPICAL TERM
Topical term or geographic name as entry element International human rights courts
Geographic subdivision Africa.
650 #7 - SUBJECT ADDED ENTRY--TOPICAL TERM
Topical term or geographic name as entry element Human rights.
Source of heading or term fast
650 #7 - SUBJECT ADDED ENTRY--TOPICAL TERM
Topical term or geographic name as entry element International human rights courts.
Source of heading or term fast
650 #7 - SUBJECT ADDED ENTRY--TOPICAL TERM
Topical term or geographic name as entry element Law reports, digests, etc.
Source of heading or term fast
651 #7 - SUBJECT ADDED ENTRY--GEOGRAPHIC NAME
Geographic name Africa.
Source of heading or term fast
655 #7 - INDEX TERM--GENRE/FORM
Genre/form data or focus term Court decisions and opinions.
Source of term lcgft
655 #7 - INDEX TERM--GENRE/FORM
Genre/form data or focus term Court decisions and opinions.
Source of term fast
655 #7 - INDEX TERM--GENRE/FORM
Genre/form data or focus term Trials, litigation, etc.
Source of term fast
700 1# - ADDED ENTRY--PERSONAL NAME
Personal name Attoh, Nonso Robert,
Relator term editor.
830 #0 - SERIES ADDED ENTRY--UNIFORM TITLE
Uniform title Reported cases of the African Court on Human and Peoples' Rights ;
Volume number/sequential designation v. 1, pt. 6.
942 ## - ADDED ENTRY ELEMENTS (KOHA)
Source of classification or shelving scheme Library of Congress Classification
Koha item type Books
Holdings
Home library Current library Date acquired Full call number Barcode Koha item type
African Court on Human and Peoples' Rights Library African Court on Human and Peoples' Rights Library 03/12/2019 KQE740 .R47 2017 10210407 Books
African Court on Human and Peoples' Rights Library African Court on Human and Peoples' Rights Library 03/12/2019 KQE740 .R47 2017 10210369 Books
African Court on Human and Peoples' Rights Library African Court on Human and Peoples' Rights Library 26/02/2020 KQE740 .R47 2017 10212205 Books
African Court on Human and Peoples' Rights Library African Court on Human and Peoples' Rights Library 26/02/2020 KQE740 .R47 2017 10212213 Books

African Court on Human and Peoples' Rights | For Inquiries Contact » +255 272 510 510